000 00620nam a2200229Ia 4500
003 OSt
005 20220918105445.0
006 a|||||r|||| 00| 0
007 ta
008 220915b |||||||| |||| 00| 0 eng d
024 _a97242
037 _cReference Collections
040 _aARTS
_cARTS
_beng
041 _2eng
_aeng
082 _aV1:1:N5k, J8 (RR)
100 _aBowle John ed
_91495
245 0 _aConcise encyclopedia of World history
260 _c1958
650 _aWORLD HISTORY
_91496
942 _hV1:1:N5k, J8 (RR)
_cREF
999 _c107391
_d107391